| 000 | 01319cam a22002771i 4500 | ||
|---|---|---|---|
| 003 | SA-RiAUC | ||
| 005 | 20250114075912.0 | ||
| 008 | 250113s2002 ua g 000 0 ara c | ||
| 040 |
_aSA-JeALM _bara _cSA-RiAUC _erda |
||
| 082 | 0 | 4 | _a258.2 |
| 090 |
_a258.2 _bا م ا |
||
| 100 | 1 |
_aالإمام مالك، مالك بن أنس بن مالك، _d93-179 هجري _eمؤلف. |
|
| 245 | 1 | 2 |
_aالمدونة الكبرى : _bرواية الإمام سحنون بن سعيد التنوخي عن الإمام عبد الرحمن بن القاسم العتقي / _cمالك بن أنس ؛ تحقيق علي بن عبد الرحمن الهاشم. |
| 264 | 1 |
_aالقاهرة : _bدار النصر، _c2002 |
|
| 300 | _a12 مجلد | ||
| 336 |
_aنص _btxt _2rdacontent _3كتاب |
||
| 337 |
_aبدون وسيط _bn _2rdamedia |
||
| 338 |
_aمجلد _bnc _2rdacarrier |
||
| 650 | 7 |
_aالفقه المالكي _2aucsh |
|
| 650 | 7 |
_aالفقه الإسلامي _xمذاهب _2aucsh |
|
| 700 | 1 |
_aالهاشم، علي بن عبد الرحمن، _d1945- _eمحقق. |
|
| 700 | 1 |
_aسحنون، عبد السلام بن سعيد بن حبيب، _d160-240 هجري _eراوي. |
|
| 700 | 1 |
_aابن القاسم، عبد الرحمن، _d132-191 هجري _eراوي. |
|
| 942 |
_2ddc _cBOOK _n0 |
||
| 949 |
_aSA-JeALM _d250113 _uosman123 _n1 |
||
| 999 |
_c4746 _d4746 |
||